Jurisprudencia constitucional española sobre derechos sociales (Registro nro. 159854)

Detalles MARC
000 -LEADER
fixed length control field 01295ny a22003253n 4500
008 - FIXED-LENGTH DATA ELEMENTS--GENERAL INFORMATION
fixed length control field 980529s1997 sp s 000 spa c
017 ## -
-- B5163-1997
020 ## - INTERNATIONAL STANDARD BOOK NUMBER
International Standard Book Number 848917167X
035 ## -
-- 2361
040 ## - CATALOGING SOURCE
Original cataloging agency UMA.DER
Modifying agency vlex
040 ## - CATALOGING SOURCE
Original cataloging agency UMA.RE
Modifying agency vlex
080 ## -
-- 340.142:342.72/.73(460)
080 ## -
-- 342.72/.73:340.142(460)
090 ## -
-- 1378
-- 1378
100 1# - MAIN ENTRY--PERSONAL NAME
Personal name Martínez Estay, José Ignacio
245 10 - TITLE STATEMENT
Title Jurisprudencia constitucional española sobre derechos sociales
Medium [Recurso electrónico]
Statement of responsibility, etc José Ignacio Mar[t]ínez Estay
256 ## -
-- Servicio en línea
260 ## - PUBLICATION, DISTRIBUTION, ETC. (IMPRINT)
Place of publication, distribution, etc Barcelona :
Name of publisher, distributor, etc CEDECS,
Date of publication, distribution, etc 1997
300 ## - PHYSICAL DESCRIPTION
Extent 376 p
504 ## - BIBLIOGRAPHY, ETC. NOTE
Bibliography, etc Bibliografía:p.339-355
506 1# - RESTRICTIONS ON ACCESS NOTE
Terms governing access Contenido solo disponible en los productos indicados
Authorized users vLex Global
-- vLex Global (Academic Edition, excluding Law Schools)
-- vLex Global (U.S. Academic Edition, Law Schools)
-- vLex Global (U.S. Academic Edition, excluding Law Schools)
-- vLex Global (Academic Edition, Law Schools)
650 07 - SUBJECT ADDED ENTRY--TOPICAL TERM
Source of heading or term Tesauro vLex
Topical term or geographic name as entry element Testamento
650 07 - SUBJECT ADDED ENTRY--TOPICAL TERM
Source of heading or term Tesauro vLex
Topical term or geographic name as entry element Legitima
650 07 - SUBJECT ADDED ENTRY--TOPICAL TERM
Source of heading or term Tesauro vLex
Topical term or geographic name as entry element Mejora hereditaria
650 07 - SUBJECT ADDED ENTRY--TOPICAL TERM
Source of heading or term Tesauro vLex
Topical term or geographic name as entry element Derecho sucesorio
740 0# -
-- vLex Libros (Servicios en línea)
856 40 - LOCALIZACIÓN Y ACCESO ELECTRÓNICO
Identificador Uniforme del Recurso (URI/URL) https://app.vlex.com/#/sources/2361
942 ## -
-- RAA
999 ## -
-- 159854
-- 159854

No hay ítems disponibles.


CONTACTO


NOSOTROS


SITIOS DE INTERES

coordinacion.biblioteca.biblioteca@unienlinea.mx Misión, Visión y Objetivos Bases de datos
Directorio Bibliotecas Digitales y Repositorios
Normatividad Revistas y artículos
Convenios interbibliotecarios
Boletines



Hecho en México. Universidad Insurgentes (UIN). Todos los derechos reservados 2024. Esta página y sus contenidos pueden ser reproducidos con fines no lucrativos, siempre y cuando no se mutile, se cite la fuente completa y su dirección electrónicas. De otra forma requiere permiso previo por escrito de la institución




2024 Copyright Universidad Insurgentes | www.bibliouin.com.mx